<?xml version="1.0" encoding="UTF-8"?><collection xmlns="info:lc/xmlns/marcxchange-v2"><record format="Unimarc" type="bibliographic"><leader>00764cam  2200241   450 </leader><controlfield tag="001">1954863</controlfield><controlfield tag="003">http://id.bnportugal.gov.pt/bib/porbase/1954863</controlfield><controlfield tag="005">20030520223200.0</controlfield><datafield ind1=" " ind2=" " tag="010"><subfield code="a">0-19-814386-9</subfield></datafield><datafield ind1=" " ind2=" " tag="035"><subfield code="5">17704</subfield></datafield><datafield ind1=" " ind2=" " tag="095"><subfield code="a">PTBN00720726</subfield></datafield><datafield ind1=" " ind2=" " tag="100"><subfield code="a">19931123d1993    k  y0pory0103    ba</subfield></datafield><datafield ind1="0" ind2=" " tag="101"><subfield code="a">eng</subfield></datafield><datafield ind1=" " ind2=" " tag="102"><subfield code="a">US</subfield></datafield><datafield ind1="1" ind2=" " tag="200"><subfield code="a">&lt;The &gt;Oxford history of classical art</subfield><subfield code="f">ed. by John Boardman</subfield></datafield><datafield ind1=" " ind2=" " tag="210"><subfield code="a">Oxford</subfield><subfield code="c">University Press</subfield><subfield code="d">1993</subfield></datafield><datafield ind1=" " ind2=" " tag="215"><subfield code="a">406p</subfield></datafield><datafield ind1=" " ind2=" " tag="300"><subfield code="a">Existem dois exemplares</subfield></datafield><datafield ind1=" " ind2=" " tag="675"><subfield code="a">709</subfield><subfield code="v">BN</subfield><subfield code="z">por</subfield><subfield code="3">1525493</subfield></datafield><datafield ind1=" " ind2="1" tag="702"><subfield code="a">Boardman</subfield><subfield code="b">John</subfield><subfield code="4">340</subfield><subfield code="3">411290</subfield></datafield><datafield ind1=" " ind2="0" tag="801"><subfield code="a">PT</subfield><subfield code="b">BN</subfield><subfield code="g">RPC</subfield></datafield><datafield ind1=" " ind2=" " tag="977"><subfield code="1">AHG 387</subfield><subfield code="2">coop</subfield><subfield code="4">FCGBG</subfield><subfield code="6">mq2762714</subfield><subfield code="7">bc</subfield><subfield code="8">coop</subfield><subfield code="9">FCGBG</subfield><subfield code="k">0</subfield></datafield><datafield ind1=" " ind2=" " tag="977"><subfield code="1">CL H-8 e C-23-2</subfield><subfield code="2">coop</subfield><subfield code="4">UCLE</subfield><subfield code="6">mq829921</subfield><subfield code="7">bc</subfield><subfield code="8">coop</subfield><subfield code="9">UCLE</subfield><subfield code="b">17606/17663</subfield><subfield code="k">0</subfield></datafield><datafield ind1=" " ind2=" " tag="977"><subfield code="1">7.032.61.7 BOA o</subfield><subfield code="2">coop</subfield><subfield code="4">UEBIB</subfield><subfield code="6">mq2875430</subfield><subfield code="7">bc</subfield><subfield code="8">coop</subfield><subfield code="9">UEBIB</subfield><subfield code="k">0</subfield></datafield><datafield ind1=" " ind2=" " tag="998"><subfield code="a">CLE22-1815</subfield></datafield></record></collection>